• 首页
  • 本馆介绍
  • 公告通知
  • 最新文献
  • 馆藏检索
  • 电子资源
  • 读者导购
  • 参考咨询
  • 我的图书馆
  • 登录
  • 详细信息显示
  • 放入我的书架
  • 预约/预借图书
  • 作者相关作品
  • 分类相关作品
  • 丛书相关作品
  • 出版社相关作品

书目信息

  • 表格格式
  • 工作单格式
  • 卡片格式
题名:
改善收入分配 促进社会公平正义
    
 
作者: 陈宇学 著
分册:  
出版信息: 北京   中国言实出版社  2015
页数: 212页
开本: 23cm
丛书名:
单 册:
中图分类: F124.7
科图分类:
主题词: 收入分配--shou ru fen pei--分配制度--研究--中国
电子资源:
ISBN: 978-7-5171-0925-9
000 01037nam0 22002531 450
001 1731239494
005 20170602161214.0
010    @a978-7-5171-0925-9@dCNY38.00
100    @a20150518d2015 em y0chiy50 ea
101 0  @achi
102    @aCN@b110000
105    @ay z 000yy
106    @ar
200 1  @a改善收入分配 促进社会公平正义@Agai shan shou ru fen pei cu jin she hui gong ping zheng yi@f陈宇学著
210    @a北京@c中国言实出版社@d2015
215    @a212页@d23cm
312    @a封面英文题名:Improve income distribution promote social equity and justice
330    @a本书共8章,内容包括:我国收入分配制度概述、收入分配差距的效应、收入分配差距扩大的原因、完善初次分配机制、健全再分配调节机制、建立健全促进农民收入较快增长的长效机制等。
510 1  @aImprove income distribution promote social equity and justice@zeng
606 0  @a收入分配@Ashou ru fen pei@x分配制度@x研究@y中国
690    @aF124.7@v5
701  0 @a陈宇学@Achen yu xue@c(经济)@4著
801  0 @aCN@bTANG WEI@c20170527
905    @b0970628-32@dF124.7@e293@f5
    
    改善收入分配 促进社会公平正义/陈宇学著.-北京:中国言实出版社,2015
    212页;23cm
    
    
    ISBN 978-7-5171-0925-9:CNY38.00
    本书共8章,内容包括:我国收入分配制度概述、收入分配差距的效应、收入分配差距扩大的原因、完善初次分配机制、健全再分配调节机制、建立健全促进农民收入较快增长的长效机制等。
●
相关链接 在E读中查询图书 在五车中查询图书 在当当中查询图书 在豆瓣中查询图书


正题名:改善收入分配 促进社会公平正义     索取号:F124.7/293         预约/预借

序号 登录号 条形码 馆藏地/架位号 状态 备注
1 0970628   209706282   第一样本阅览室/ [索取号:F124.7/293] 在馆    
2 0970629   209706291   密集书库-海洋学院/ [索取号:F124.7/293] 在馆    
3 0970630   209706308   第一借阅区/ [索取号:F124.7/293] 在馆    
4 0970631   209706317   第一借阅区/ [索取号:F124.7/293] 在馆    
5 0970632   209706326   第一借阅区/ [索取号:F124.7/293] 在馆    
唐山师范学院图书馆 欢迎您!
大连网信软件有限公司© 版权所有